Statistics for Taoiseachs of Ireland

Click here to take the quiz!

General Stats

  • This quiz has been taken 133 times
  • The average score is 16 of 21

Answer Stats

TenureTD ForPartyTaoiseach% Correct
1937-1948ClareFianna FáilÉamon de Valera
93%
1951-1954ClareFianna FáilÉamon de Valera
93%
1957-1959ClareFianna FáilÉamon de Valera
93%
2011-2017MayoFine GaelEnda Kenny
93%
1997-2008Dublin CentralFianna FáilBertie Ahern
91%
2017-IncumbentDublin WestFine GaelLeo Varadkar
91%
2008-2011Laois-OffalyFianna FáilBrian Cowen
82%
1987-1992Dublin North-CentralFianna FáilCharles Haughey
78%
1982-1982Dublin North-CentralFianna FáilCharles Haughey
78%
1979-1981Dublin ArtaneFianna FáilCharles Haughey
78%
1994-1997MeathFine GaelJohn Bruton
70%
1966-1969Cork BoroughFianna FáilJack Lynch
68%
1969-1973Cork City North-WestFianna FáilJack Lynch
68%
1977-1979Cork CityFianna FáilJack Lynch
68%
1959-1966Dublin South-CentralFianna FáilSeán Lemass
67%
1981-1982Dublin South-EastFine GaelGarret FitzGerald
66%
1982-1987Dublin South-EastFine GaelGarret FitzGerald
66%
1973-1977Dún Laoghaire and RathdownFine GaelLiam Cosgrave
63%
1992-1994Longford–RoscommonFianna FáilAlbert Reynolds
62%
1948-1951Dublin South-EastFine GaelJohn A. Costello
54%
1954-1957Dublin South-EastFine GaelJohn A. Costello
54%

Score Distribution

Percentile by Number Answered

Percent of People with Each Score

Your Score History

You have not taken this quiz